[Event "Aerosvit 2007"]
[Site "Foros RUS"]
[Date "2007.06.27"]
[Round "9"]
[White "GM Nisipeanu, Liviu-Dieter(ROM)"]
[Black "GM Van Wely, Loek(NED)"]
[Result "1/2-1/2"]
[WhiteElo "2693"]
[BlackElo "2674"]
[Annotator "Ëåáåäåâ Âàñèëèé"]
[PlyCount "51"]
[EventDate "2007.06.27"]

1. e4 c5 2. Nf3 d6 3. d4 cxd4 4. Nxd4 Nf6 5. Nc3 a6 6. Be3 e6 7. g4 b5 ({
Â áàçå îáíàðóæèëîñü 3 ïàðòèè ðóìûíñêîãî ãðîññìåéñòåðà â ýòîì âàðèàíòå, êîòîðûå
îíè èãðàë ÷¸ðíûìè.} 7... h5 8. g5 Ng4 9. Bc1 Qb6 10. h3 Ne5 11. Nb3 Nbd7 (
11... g6 12. Be3 Qc7 13. f4 Ned7 14. Qd2 Nc6 15. O-O-O b5 16. Nd5 exd5 17. Qc3
d4 18. Nxd4 Bb7 19. Nxc6 Bxc6 20. Qxh8 Bxe4 21. Rh2 O-O-O 22. Bd3 Nc5 23. Bxc5
dxc5 24. Bxe4 Bd6 25. Qf6 Bxf4+ 26. Rhd2 Qd6 27. Qxd6 Rxd6 28. c4 Bxg5 29. Kc2
Bxd2 30. Rxd2 Rf6 31. Rd3 b4 32. a3 a5 33. Kb3 Kc7 34. Ka4 Rf2 35. Kxa5 {
1-0 Timman,J (2655) - Nisipeanu,L (2611)/Germany 2000}) 12. f4 Nc6 13. Qf3 g6
14. Be3 Qc7 15. f5 b5 16. a3 Bb7 17. f6 b4 18. axb4 Nxb4 19. O-O-O d5 20. Qf2
dxe4 21. Bg2 Rc8 22. Rd2 Nd5 23. Rhd1 Bb4 24. Bxe4 Bxc3 25. bxc3 O-O 26. Bd4 a5
27. c4 Nb4 28. Bxb7 Qxb7 29. Bb2 Nb6 30. Nxa5 Qa6 31. c5 Na4 32. Nb3 Na2+ 33.
Kb1 N2c3+ 34. Bxc3 Nxc3+ 35. Kb2 Nxd1+ 36. Rxd1 Ra8 37. Rd7 Rfb8 38. Kc3 Qc6
39. Qd4 Qf3+ 40. Qd3 Qf4 41. c6 Qb4+ 42. Kb2 Qa3+ 43. Kc3 Qb4+ 44. Kb2 Qa4 {
(0-1 Solak,D (2460) - Nisipeanu,L (2594)/Calimanesti 1999).}) ({
Ëþê - ïàðåíü ðèñêîâûé, íî ïîéòè íà} 7... e5 8. Nf5 g6 {
(â äåáðè çíàìåíèòîé âåíãåðñêîé àòàêè) íå ðåøèëñÿ.} {
Èáî óæå ñëèøêîì ïå÷àëåí áûë ó íåãî òóò îïûò.} 9. g5 gxf5 10. exf5 d5 11. gxf6
(11. Qf3 d4 12. O-O-O Nbd7 13. Bd2 Qc7 (13... Qa5 14. a3 dxc3 15. Bxc3 Qa4 16.
gxf6 Qf4+ 17. Qxf4 exf4 18. Bc4 Bc5 19. Rhe1+ Kd8 20. Re7 Rf8 21. Bb4 Bxb4 22.
axb4 b5 23. Bxf7 Ra7 24. Be6 h6 25. Rh7 Rxf6 26. Rh8+ Kc7 27. Rd3 Nf8 28. Rc3+
Kb6 29. Bxc8 Rc7 30. Rxc7 Kxc7 31. Bxa6 Kb6 32. Bc8 f3 33. b3 Kc7 34. Be6 Nxe6
35. fxe6 Rxe6 36. Rh7+ Kc6 37. Rf7 Re1+ 38. Kb2 Rh1 39. Rf6+ Kd5 40. Rxf3 Rxh2
41. Rf5+ Kc6 42. c4 h5 43. Rc5+ Kd6 44. Rxb5 h4 45. Rh5 h3 46. Kc3 Rh1 47. b5
h2 48. Kb4 {1-0 Ivanchuk,V (2711) - Van Wely,L (2679)/Monte Carlo 2005}) 14.
gxf6 dxc3 15. Bxc3 Qc6 16. Qg3 Qxh1 (16... Bh6+ 17. Kb1 Bf4 18. Qd3 O-O 19.
Rg1+ Kh8 20. Bb4 Rg8 21. Rxg8+ Kxg8 22. Be7 h6 23. Be2 Nxf6 24. Qd8+ Kh7 25.
Qf8 Be6 26. Qxa8 Bxf5 27. Ka1 Nd5 28. Qf8 Qe6 29. Bc5 Bxc2 30. Rg1 Bg6 31. h4
Bh2 32. Rd1 Nf4 33. Rd8 {
1-0 Shirov,A (2746) - Van Wely,L (2643)/Polanica Zdroj 2000}) 17. Bg2 Bh6+ 18.
Bd2 Bxd2+ 19. Kxd2 Qxg2 20. Qxg2 a5 21. f4 exf4 22. Qg7 Rf8 23. Re1+ Kd8 24.
Re7 Kc7 25. Qxf8 {(1-0 Shirov,A (2746) - Van Wely,L (2643)/Istanbul 2000).})
11... d4 12. Bc4 Qc7 13. Qd3 dxe3 14. O-O-O exf2 15. Bxf7+ Kxf7 16. Qd5+ Kxf6
17. Ne4+ Ke7 18. Nd6 Bh6+ 19. Kb1 Kf6 20. Rhf1 Rf8 21. Rxf2 Nc6 22. Qc4 Bf4 23.
Rxf4 exf4 24. Qc3+ Kg5 25. Rg1+ Kh4 26. Qf3 {
(1-0 Shirov,A (2751) - Van Wely,L (2646)/Monte Carlo 2000).}) (7... e5) 8. g5
Nfd7 9. a3 Bb7 10. h4 Nc6 (10... Nb6 11. Qh5 g6 12. Qg4 e5 13. Nf3 N8d7 14. h5
Rg8 15. O-O-O Rc8 16. hxg6 hxg6 17. Nd5 Nxd5 18. exd5 Qc7 19. c3 Nb6 20. Bxb6
Qxb6 21. Rh7 Rc7 22. Qh4 Qc5 23. Qe4 Qxf2 24. Rh2 Qg3 25. Rh4 Rc8 26. Be2 Qf2
27. Rf1 Qc5 28. Nd4 Qxd4 {
0-1 Pinski,J (2320)-Nisipeanu,L (2515)/Budapest 1996/CBM 052 ext}) 11. Nxc6 (
11. h5 $145) 11... Bxc6 12. Qd4 Rb8 ({
Òèãðàí Âàðòàíîâè÷ Ïåòðîñÿí ðåøàë òóò çàäà÷ó óðàâíåíèÿ ñëåäóþùèì îáðàçîì:} 
12... Qb8 $5 13. Bg2 Ne5 14. a4 b4 15. Ne2 a5 16. Ng3 Nd7 17. b3 Qc7 18. Rd1
Bb7 19. Rd2 Ba6 20. Qa1 Rc8 21. Bf1 Qb7 22. Bxa6 Qxa6 23. Ne2 e5 {
(1/2 Hort,V (2600) - Petrosian,T (2645)/Las Palmas 1975).}) 13. h5 Qb6 14. Qxb6
$146 (14. Qd2 Qb7 15. f3 Ne5 16. Qf2 Be7 17. Rg1 Nc4 18. Bc1 Rd8 19. b3 Nb6 20.
Be3 Nc8 21. Bd3 Rd7 22. Ne2 Qc7 23. Nd4 Bb7 24. g6 hxg6 25. hxg6 Bh4 26. gxf7+
Rxf7 27. Rg3 Bxg3 28. Qxg3 Qc3+ 29. Kf2 Qxa1 30. Nxe6 Qe5 31. Qg4 Qh2+ 32. Ke1
Qh4+ 33. Qxh4 Rxh4 34. Ng5 Re7 35. Kf2 d5 {
0-1 Gyugyi,P (2122)-Szappanos,L (1893)/Balatonlelle op 2006/EXT 2007}) 14...
Nxb6 15. Bd3 Nd7 16. f4 {
Íó äà, ó áåëûõ ïåðåâåñ â ïðîñòðàíñòâå, íî îáåùàåò ëè ýòî ÷òî-ëèáî ñóùåñòâåííîå?}
Nc5 17. b4 Nxd3+ 18. cxd3 Be7 19. Bd4 Rg8 $1 20. Rg1 Kd7 21. Kd2 Ra8 (21... Kc7
$5 22. a4 $141) 22. a4 g6 (22... d5 $5) 23. axb5 axb5 24. Rh1 e5 25. Rxa8 Bxa8
26. Be3 ({Ïàðòèÿ ìîãëà çàêîí÷èòüñÿ ñëåäóþùèì îáðàçîì} 26. Be3 exf4 (26... d5
$5) 27. Bxf4 d5 28. Nxd5 Bxd5 29. exd5 Bxb4+ 30. Ke3 Bd6 31. hxg6 hxg6 32. Rf1
$1 (32. Bxd6 $143 Kxd6 33. Rb1 Rb8 $1) 32... Rh8 33. Bxd6 Kxd6 34. Rxf7 Kxd5
$11) 1/2-1/2

[Event "Aerosvit-2007"]
[Site "Foros"]
[Date "2007.06.27"]
[Round "9"]
[White "Onischuk, Alexander"]
[Black "Svidler, Peter"]
[Result "1/2-1/2"]
[WhiteElo "2663"]
[BlackElo "2736"]
[Annotator "Êðîéòîð Ìèõàèë"]
[PlyCount "96"]
[EventDate "2007.06.18"]

1. d4 Nf6 2. c4 g6 3. Nc3 d5 4. Nf3 Bg7 5. Qb3 dxc4 6. Qxc4 O-O 7. e4 a6 8. Be2
b5 9. Qb3 c5 (9... Nc6 10. e5 Be6 11. exf6 Bxb3 12. fxg7 Kxg7 13. axb3 Nxd4 14.
Nxd4 Qxd4 15. O-O Qb4 16. Bf3 Qxb3 17. Bd5 Qb4 18. Bxa8 Rxa8 19. Nd5 Qc5 20.
Rd1 Rd8 21. Be3 Qc6 22. Bd4+ Kf8 23. Ne3 Qe4 24. Bc5 Rxd1+ 25. Rxd1 Ke8 26. b4
a5 27. Nd5 axb4 28. Bxb4 Qc2 29. Ne3 Qb3 30. Ba5 f6 31. Bxc7 b4 32. Bb6 Qa2 33.
Bd4 b3 34. Nc4 Qc2 35. Ne3 Qe2 36. Rb1 Qd3 37. Rd1 Qe2 38. Rb1 Qd3 {1/2 Bologan
,V (2661)-Svidler,P (2765)/Asnieres sur Seine FRA 2006/The Week in Chess 600})
10. dxc5 Bb7 11. O-O Nxe4 12. Nxe4 Bxe4 13. Bf4 Bd5 14. Qe3 Bxb2 (14... Nc6 15.
Rad1 e6 16. Ne5 Qc8 17. Nxc6 Qxc6 18. Bf3 Bxb2 19. Bxd5 exd5 20. Qb3 Qf6 21.
Bd6 Rfe8 22. Qxd5 Rad8 23. h3 Re2 24. Rd2 Rxd2 25. Qxd2 Bd4 26. Qe2 Qe6 27.
Qxe6 fxe6 28. Rc1 Kf7 29. c6 e5 30. c7 Rc8 31. Bb4 Ke6 32. Kf1 e4 33. Rc6+ Ke5
34. Rxa6 e3 35. fxe3 Bxe3 36. Ke2 Bg1 37. Bd6+ Kd5 38. Bg3 Bc5 39. Kd3 Be7 40.
Rb6 {1-0 Onischuk,A (2663)-Sutovsky,E (2629)/Poikovsky RUS 2007/The Week in
Chess 646}) 15. Rad1 (15. Rab1 Bg7 16. a4 bxa4 17. Rfd1) 15... e6 16. Ne5 Bxe5
17. Bxe5 Nc6 18. Bd6 Re8 19. a3 Qf6 20. Rfe1 h5 21. Qh6 Nd4 (21... Red8 22. Bd3
Rd7 23. Re3) 22. Bg4 Nf5 (22... hxg4 23. Rxd4 Qxd4 24. Be5 Qxe5 25. Rxe5) 23.
Bxf5 exf5 24. Qf4 g5 {
ëè÷íî ÿ âñåãäà ñ ëèøíèì ìàòåðèàëîì ñòðåìëþñü ïîáûñòðåå â ýíäøïèëü.} (24...
Rxe1+ 25. Rxe1 Qc3 26. Qb4 Qxb4 27. axb4 {
È ó êîãî òóò ëèøíÿÿ ïåøêà?! Êàêîé áû ïðîõîäíîé ïåøêà ñ5 íå êàçàëàñü, ïîñëå} a5
28. bxa5 Rxa5 {ïåøêà b5 ñòàíîâèòñÿ íå «òîðìîçíóòåå».}) 25. Qd2 Bc6 26. f4 gxf4
27. Qxf4 (27. Bxf4 Rxe1+ 28. Rxe1 Rd8 29. Bd6) 27... Qg6 28. Qg3 a5 (28... Re4
$5 29. Rxe4 fxe4 30. Qxg6+ (30. Bf4 Qxg3 31. Bxg3 e3) 30... fxg6 31. Be5 Re8
32. Rd6 Rxe5 33. Rxc6 $19) 29. Be5 Rad8 30. Rd6 Rxd6 31. cxd6 h4 (31... b4 32.
axb4 axb4) 32. Qxg6+ fxg6 33. Bc3 Rxe1+ 34. Bxe1 {
Âñ¸-òàêè áîëüøå øàíñîâ áûëî ïðè ëàäüÿõ íà äîñêå. Ïåðåõîä â ðàçíîöâåò...} b4 35.
axb4 a4 36. Bxh4 Kf7 37. Be1 Ke6 ({Ìîæíî îáëåã÷èòü æèçíü è íå ìåíÿòü ïåøêè (â
äàííîì ñëó÷àå ýòî âûãîäíî ÷åðíûì).} 37... a3 38. Bc3 a2 39. Kf2 Ke6 40. g3
Kxd6 41. Ke3 Kd5 42. Kd3 Bb5+ 43. Kc2 Kc4 44. h4 Ba4+ 45. Kd2 {îäíàêî è ýòî íå
ïðèâåäåò ê ïîáåäå. Êàê óäåðæàòü áåëûì ïàðòèþ - ñì. êîììåíòàðèé â êîíöå ïàðòèè.
}) 38. b5 Bxb5 39. Bb4 Kd5 40. Kf2 Kc4 41. Ba3 Kb3 42. Bc5 Kc4 43. Ba3 Kb3 44.
Bc5 a3 45. h4 a2 46. Bd4 Kc4 47. Ke3 Kd5 48. g3 Kxd6 {Çàêîíîìåðíûé âîïðîñ -
åñòü ëè ó áåëûõ íè÷üÿ? Èõ ñëîí ïðèêîâàí ê áîëüøîé äèàãîíàëè, êîðîëü îáÿçàí
çàùèùàòü ïåøêè êîðîëåâñêîãî ôëàíãà. Çàîäíî îí íå äîëæåí ïðîïóñêàòü ñâîåãî
îïïîíåíòà ê ïåøêå a2. Âîò, ñîáñòâåííî, è ïëàí äîñòèæåíèÿ íè÷üè. Íà ëþáîé õîä
ñëîíà - õîä ñëîíîì, áåëûé æå êîðîëü óäåðæèâàåò ñâîåãî ïðîòèâíèêà îò
ïðîíèêíîâåíèÿ â ëàãåðü. Íè÷üÿ!} 1/2-1/2

[Event "Aerosvit 2007"]
[Site "Foros RUS"]
[Date "2007.06.27"]
[Round "9"]
[White "GM Sasikiran, Krishnan(IND)"]
[Black "GM Karjakin, Sergey(UKR)"]
[Result "1/2-1/2"]
[WhiteElo "2690"]
[BlackElo "2686"]
[Annotator "Ëåáåäåâ Âàñèëèé"]
[PlyCount "186"]
[EventDate "2007.06.27"]

1. d4 d5 2. c4 c6 3. Nf3 Nf6 4. Nc3 e6 5. Bg5 h6 ({«Î ñîñòîÿíèè äåë ïîñëå} 
5... dxc4 {ïîãîâîðèì â äðóãîé ðàç», - êàê áû ãîâîðÿò èãðîêè. «È ñëàâà Áîãó»,
- âñêðè÷àëà òóò àðìèÿ îáîçðåâàòåëåé. ;)}) 6. Bxf6 Qxf6 ({
Îäíàêî! Íàõîäèëèñü øàõìàòèñòû, êîòîðûå çäåñü èãðàëè} 6... gxf6) 7. e3 Nd7 8.
Qc2 (8. Bd3 Bd6 9. O-O Qe7 10. cxd5 exd5 11. e4 dxe4 12. Bxe4 O-O 13. Re1 Qd8
14. Bc2 Nf6 15. Qd3 Be6 16. h4 Re8 17. h5 Qa5 18. Ne4 Nxe4 19. Qxe4 Kf8 20. Qh7
Rad8 21. g4 Ke7 22. Bf5 Kd7 23. Qxg7 Re7 24. Qf6 Rde8 25. Bxe6+ fxe6 26. Ne5+
Bxe5 27. Qxe5 Qb6 28. Rad1 Rf8 29. Re2 Qb4 30. Qc5 a5 31. Rd3 Rg7 32. f3 Rgf7
33. Kg2 b6 34. Qe5 Qd6 35. Rb3 b5 36. Qc5 a4 37. Rbe3 Rf4 38. Rxe6 {
(1-0 Bu Xiangzhi (2656) - Zhang Pengxiang (2657)/Shandong CHN 2007).}) 8... g6
9. cxd5 exd5 10. Bd3 Bg7 (10... Bd6 11. O-O Qg7 12. Rab1 a5 13. a3 O-O 14. Na4
Re8 15. Rfe1 Qf8 16. Nd2 f5 17. f4 Nf6 18. Nf3 Be6 19. Ne5 Bf7 20. Nb6 Rad8 21.
Qc3 Bc7 22. Qxa5 Ra8 23. Qc5 Qxc5 24. dxc5 Ra5 25. Nxf7 Kxf7 26. Rbc1 Ng4 27.
g3 Nxe3 28. h3 Rxc5 29. Rxc5 Bxb6 30. Rcc1 Nd1+ 31. Kf1 Ne3+ 32. Kf2 Nc2+ 33.
Kf1 Nxe1 34. Rxe1 Ra8 35. Kg2 Ra5 36. Kf3 c5 37. g4 c4 38. Bb1 fxg4+ 39. hxg4
Rb5 40. f5 Rb3+ 41. Kg2 Rxb2+ 42. Kh1 g5 {
(0-1 Straeter,T (2370) - Knaak,R (2513)/Germany 2001).}) 11. h4 $146 {
Àãðåññèâíî ñûãðàíî!} ({ßñíî, ÷òî ïîäãîòîâêà ê ýòîé ïàðòèè âåëàñü
öåëåíàïðàâëåííàÿ. Âîò êàê îòáèâàëñÿ îò àòàêè ïåøå÷íîãî ìåíüøèíñòâà Ñåðãåé íà
íåäàâíåì êîìàíäíîì ïåðâåíñòâå Ðîññèè -} 11. O-O O-O 12. b4 Qd6 13. Rab1 Nb6 ({
íè÷åãî íå ñìîã ïîäåëàòü ñî ñâîèì ïðîòèâíèêîì è ÷åìïèîí ìèðà -} 13... a6 14.
Rfc1 b5 15. Ne2 Bb7 16. h4 h5 17. Nf4 Bh6 18. g3 a5 19. a4 axb4 20. axb5 Rfc8
21. bxc6 Rxc6 22. Qb2 Bf8 23. Ng5 Be7 24. Rxc6 Bxc6 25. Bc2 Nb6 26. Nd3 Nc4 27.
Qxb4 Qd8 28. Qc3 Bxg5 29. hxg5 Qxg5 30. Ne5 {
1/2 Kramnik,V (2809) - Vallejo Pons,F (2638)/Paris 2002}) 14. Nd2 Be6 15. Ne2
Rfc8 16. Rfc1 Nd7 17. Nb3 b6 18. Nf4 Rc7 19. Nxe6 Qxe6 20. Bb5 Rac8 21. Ba6 Rd8
22. Be2 Rdc8 23. Ba6 Rd8 24. Be2 Rdc8 25. Qd2 Nf6 26. Rc2 Ne4 27. Qc1 Bf8 28.
a3 Bd6 29. Ba6 Re8 30. Bd3 h5 31. Qf1 {
(1/2 Roiz,M (2605) - Karjakin,S (2686)/Sochi RUS 2007).}) 11... O-O (11... h5 {
íå ñìîòðèòñÿ}) 12. h5 g5 13. Ne2 ({ëîãè÷íî ñìîòðåëîñü} 13. O-O-O $5) 13... Qe7
$1 ({Çàñëóæèâàëî, êàê ìíå êàæåòñÿ, âíèìàíèÿ} 13... Re8 $5 {è õîä} 14. Ng3 {
ïëîõ ââèäó} g4 15. Nh2 Qxd4) 14. Ng3 (14. O-O-O $5) 14... Nf6 15. Bf5 Ne4
$1 {Ëþêó âàí Âåëè Ñåðãåé ïîæåðòâîâàë ñëîíà, ëàäüþ, à òóò - êàêàÿ-òî æàëêàÿ
ïåøå÷êà...} (15... Re8 $5) 16. Bxe4 {Âûíóæäåííî} dxe4 17. Nxe4 (17. Nd2 f5 $36
) (17. Qxe4 Qb4+ 18. Nd2 c5 $1 $40) 17... Bf5 {Ñâÿçêà îáåùàåò áûòü ì¸ðòâîé...}
18. Nfd2 Rae8 ({Êîìáèíàöèîííûé óäàð} 18... Bxd4 {ìàëî ÷òî äàâàë:} 19. exd4
Bxe4 20. Nxe4 Rae8 21. f3 f5 22. O-O fxe4 23. Rae1 $1 $14) 19. f3 Bh7 $1 $15 (
19... Bc8 20. O-O $140 ({ïàðèðóåòñÿ} 20. Nc4 $1) 20... f5 21. Nf2 Qxe3 $17) 20.
g4 {Ëèñòàë íåäàâíî êíèæå÷êó ïðî Ñóëòàí Õàíà - òîò òîæå ëþáèë òàê äâèãàòü
ñâîè ïåøêè...} ({Ìàëî ðàäîñòè äëÿ áåëûõ è â ñëó÷àå «ëó÷øåãî»} 20. Qb3 Kh8
21. Nc4 b5 $1 (21... f5 $143 22. Ned2 b5 23. Ne5 $1 Bxe5 24. dxe5 Qxe5 25. Kf2)
22. Ne5 Bxe5 23. dxe5 Qxe5 24. O-O g4 $1 $17) 20... f5 21. gxf5 Bxf5 22. Rg1 $5
({Íó è ðàññìîòðèì ïîñëåäíþþ âîçìîæíîñòü ñîâåðøèòü ðîêèðîâêó -} 22. O-O-O g4
23. Qc4+ Kh8 24. Ng3 Be6 25. Qd3 gxf3 (25... Bxa2 $2 26. Nf5) 26. Rdf1 f2 27.
Rh2 c5 $40) 22... g4 23. Rxg4 {
Óìèðîòâîðåíèå ñòðàøíîãî ñëîíà ÷¸ðíûõ òðåáóåò æåðòâû...} Bxg4 24. fxg4 Qh4+ 25.
Ke2 Qxg4+ 26. Kd3 Re7 27. Qd1 Qf5 28. a4 Kh8 29. Rc1 Rfe8 30. Qh1 Qd5 31. Qg2
b6 $2 {Î-ïà! À íå çåâîê ëè ýòî?} ({
Rybka ñîâåòóåò óñòðîèòü çàáåã çà ìàòåðèàëîì -} 31... Qa2) 32. Qg6 $1 Rf8 {
Äîëãî äóìàë íàä ýòè õîäîì Ñåðãåé, îõ, äîëãî...} ({
Âèäèìî, â ïðåäâàðèòåëüíûõ ðàñ÷¸òàõ áûëî ç¸âíóòî} 32... Re6 33. Nf6 $3 {
Â ïðèíöèïå, íåìóäðåíî äëÿ ìíîãèõ øàõìàòèñòîâ, íî òîëüêî íå äëÿ òðåíåðà Ðóñëàíà
Ïîíîìàðåâà ïî òàêòèêå, êîèì Ñåðãåé Êàðÿêèí áûë âî âðåìÿ ÷åìïèîíà ìèðà ÔÈÄÅ,
ïðîõîäèâøåì â 2002 ãîäó â Ìîñêâå...} Rxe3+ (33... Rxf6 $142 {
áåëûå ìåíÿþò ôåðçåé} 34. Qxe8+ Kh7 35. Qe4+ {
, è ïîëó÷àþò âûãîäíûé (åñëè íå âûèãðûøíûé) ýíäøïèëü}) 34. Kc2 Bxf6 35. Qxf6+
Kg8 36. Rg1+) ({À åñëè} 32... c5 $1 {, òî òàêæå ñëåäóåò} 33. Nf6 $1 {è äàëåå:}
Bxf6 34. Qxf6+ (34. Qxh6+ Kg8 35. Qxf6 Rxe3+ 36. Kc2 Rg3 37. h6) 34... Rg7 35.
Rg1 $1 Qf7 (35... Ree7 $143 36. Rg6 $1) 36. Qxh6+ Rh7 37. Qc6 {, è ÷òî-òî ÿ
ñèëüíî ñîìíåâàþñü â áîëüøîì ïðåèìóùåñòâå ÷¸ðíûõ â äàííîì ïîëîæåíèè, â
îòëè÷èè, ñêàæåì, îò Rybk'è. Íî ýòî áûëî ëó÷øåé âîçìîæíîñòüþ äëÿ ÷¸ðíûõ.})
33. Rxc6 Ref7 34. Rc1 (34. Nc4 Rf1 35. b3 Rd1+ 36. Kc3 Rc1+ 37. Kb2 Rg1 38.
Qxg1 Qxc6 39. Ncd6) 34... Qd7 35. b3 Re7 36. Rc6 Qh3 37. Rd6 Rg8 38. Rf6 Rd8 $5
{Íå ñàìûé ñèëüíûé (â ÷èñòî øàõìàòíîì ñìûñëå) õîä, íî õîä «íàïðÿãàþùèé»} ({
Îáúåêòèâíî ëó÷øåå} 38... Bxf6 {
ïîçâîëÿëî áåëûì ëåãêî ïðåîäîëåòü (ñ øàõàìè) êîíòðîëüíóþ îòñå÷êó:} 39. Qxh6+
Rh7 40. Qxf6+ Rgg7 (40... Rhg7 41. h6) {
, ïîñëå ÷åãî ïîäóìàòü è ðåøèòü âîïðîñ âîïðîñîâ: èãðàòü ëè íà ïîáåäó ïóò¸ì} 41.
Ng5 ({èëè çàáàöàòü íè÷åéêó ïîñðåäñòâîì} 41. Qf8+ Rg8 42. Qf6+) 41... Qxh5 42.
Nxh7 Kxh7) 39. Rf3 Qh4 {
Ïðîñòî óæàñ! Ñåìü õîäîâ íàçàä ïîçèöèÿ áûëà «-+» òåïåðü æå «+-».} (39...
Qe6 $142 $1 40. Qxe6 Rxe6 41. Rf7 a6 42. Ra7 $16) 40. Qf5 $6 {
Êîíòðîëüíûé õîä...} (40. Nd6 $1 $18 Rxe3+ $140 41. Rxe3 $1 (41. Kxe3 $2 Qxd4+
42. Ke2 Rxd6 43. Qe8+ Kh7 44. Qe4+ Qxe4+ 45. Nxe4 Rd4 $11) 41... Qxd4+ 42. Kc2
Qxe3 43. Nf7+ Kg8 44. Nxd8 {
è áåëûé êîðîëü äîëæåí çàùèòèòüñÿ îò íàïàäåíèÿ ôåðçÿ ïðîòèâíèêà -} Qc3+ 45. Kd1
Qa1+ 46. Ke2 Qe5+ 47. Ne4 Qb2+ 48. Kf1 Qa1+ 49. Kg2 Qb2+ 50. Nf2 Qxb3 51. Ne6
$18) 40... Re5 $1 {È îïÿòü ïî äîñêå - èãðîâàÿ ïîçèöèÿ!} 41. Rh3 Qe7 (41... Rxf5
$5 42. Rxh4 Kh7 43. Ng3 Ra5 44. Nde4) 42. Qg4 {È îöåíêà ïîçèöèè íå áóäåò
èçìåíÿòüñÿ äî ñàìîãî êîíöà ïàðòèè: ó áåëûõ ÷óòü ëó÷øå, ÷óòü ïðèÿòíåå, íî âñ¸
æå ïîçèöèÿ ýòà ïðèìåðíî ðàâíàÿ. Ïðè ïðàâèëüíîé èãðå, ðàçóìååòñÿ..} b5 43. axb5
Rxb5 44. Rg3 Rf8 45. Qg6 Rb6 46. Qg4 Rd8 (46... Rb5 47. Nc5 Be5 48. Rf3 Rg8 49.
Qf5 Bd6 50. Nde4 $14) 47. Ke2 Ra6 48. Nc4 (48. Nc5 $5) 48... Ra2+ 49. Kd3 Qf7
50. Rf3 Qe7 51. Qg6 Qb7 52. Ned2 Ra6 53. Qe4 ({Çàñëóæèâàëî âíèìàíèÿ} 53. Rf7 $5
Rxg6 54. Rxb7 Rg3 (54... Rg5 55. Rxa7 Rxh5 56. Ne4) 55. Kc2 ({íî íå} 55. Rxa7
$2 Bxd4) {è áåëûå âûèãðûâàþò ïåøêó «à» -} 55... Rh3 56. Rxa7 Rxh5 57. Ne4 {
è ò.ä. Õîòÿ íåäîîöåíèâàòü ïðûòü åäèíñòâåííîãî ïåõîòèíöà, îñòàâøåãîñÿ ó ÷¸ðíûõ,
íå ñòîèò.}) 53... Qd7 54. Rf4 Ra1 55. Qf5 Qb7 56. Qg6 Ra6 57. Qe4 (57. Rf7 $5)
57... Qb5 58. Rf5 Qd7 59. Nf3 Rb8 60. Nfe5 Ra2 $6 ({×òî èñïóãàëî ÷¸ðíûõ ïîñëå
} 60... Rxb3+ { Ñìîòðèì:} 61. Ke2 (61. Kc2 Qa4 $1) 61... Qb7 62. Ng6+ Kh7 63.
Rd5 {È, âèäèìî, èçäàëåêà íå áûëî îáíàðóæåíî õëàäíîêðîâíîå} Rf6 $1 64. Nge5+
$140 ({èëè} 64. Nf8+ Kg8 65. Qh7+ Kxf8 66. Rd8+ Ke7 67. Qxg7+ Kxd8 68. Qxf6+
Kc7 {è ò.ä.}) 64... Kg8 65. Rd8+ Rf8 66. Rxf8+ Kxf8 67. Qf5+ Kg8 68. Qe6+ Kh7
69. d5 Rb2+ $1) 61. Kc3 Qe8 $4 ({Ïîðà, ïîðà óæå áûëî ìåíÿòü ôåðçåé -} 61... Qb7
$1 62. Nf7+ Kg8 63. Nxh6+ $1 Kh8 (63... Bxh6 64. Qe6+) 64. Nf7+ Kg8 65. Qxb7
Rxb7 66. Nfd6 $16 {, õîòÿ ïîëîæåíèå ÷¸ðíûõ î÷åíü òÿæ¸ëîå.}) {
À òåïåðü áåëûå äîëæíû áûëè âûèãðàòü.} 62. Ng6+ ({Âûèãðûâàëî} 62. Nd6 $1 {
, íî ïîñëå} Rxb3+ {íàäî î÷åíü íàïðÿãàòüñÿ äëÿ ýòîãî. Íàïðèìåð,} 63. Kxb3 Qa4+
64. Kc3 Ra3+ 65. Kd2 Ra2+ 66. Ke1 Ra1+ 67. Kf2 Qa2+ 68. Kg3 Rg1+ 69. Kh3 Qa1 {
È òåïåðü} 70. Ng6+ ({èëè «÷èòåðñêîå»} 70. Rf8+ $1 {
ñ ìàòîì «íå ïîçäíåå» 13-ãî õîäà} Bxf8 71. Ng6+ Rxg6 72. Nf7+ Kg8 73. Qxg6+
Bg7 74. Nxh6+ Kh8 75. Qe8+ Kh7 76. Qe4+ $1 Kh8 77. Nf7+ Kg8 78. Qe8+ Bf8 79.
Nh6+ Kh8 80. Qxf8+ Kh7 81. Qg8+ Kxh6 82. Qg6# $1 {Óôô!}) 70... Kh7 71. Nf8+ Kh8
72. Nf7+ Kg8 73. Nxh6+ Kh8 74. Ng6+ Kh7 75. Ng4 {
- òàêîé âîò «ïðîñòåíüêèé» âàðèàíòèê.}) 62... Kg8 63. Ne7+ Kh8 64. Ng6+ ({
À òåïåðü ñóùåñòâîâàëî äàæå äâà ïóòè ê âûèãðûøó:} 64. Qe6 $1 $18) ({èëè} 64. Nd6
$1 $18) 64... Kg8 65. Qxe8+ $2 (65. Ne7+ Kh8) 65... Rxe8 66. Rf3 a5 67. Nge5
Rh2 68. Rf5 (68. Nc6 $142) 68... Ra2 (68... Bxe5 $5 69. Nxe5 Rf8 70. Ng4 $1
Rxf5 71. Nxh6+ Kg7 72. Nxf5+ Kf6 73. e4 Rxh5 $11) (68... Rf8 69. Rxf8+ Kxf8 70.
Nc6 Rxh5 71. N4xa5 Ke8 $13) 69. Nd3 ({Ëþáîïûòíî} 69. Nc6 $5 a4 $140 70. Nb4 $1
Ra1 71. Ra5 $1 ({øèêàðíóþ êîìáèíàöèþ óäàëîñü îáíàðóæèòü ïîñëå} 71. Kb2 $6
Rxe3 $3 72. Kxa1 ({èëè} 72. Nxe3 Bxd4+ 73. Kc2 Bxe3 74. bxa4 Rxa4 $11) 72...
Bxd4+ 73. Ka2 axb3+ 74. Ka3 b2+ 75. Ka2 Rb3 $3 $11) 71... Rh1 72. bxa4 Rc1+ 73.
Nc2 Rc8 74. Ra7 $16) 69... Ra8 70. Nc5 Rh2 71. Na4 Bf8 72. Kd3 ({À ïî÷åìó íå} 
72. Nxa5 {, íàïðèìåð,} Rh3 73. Nc4 Be7 74. Nc5 Bg5 75. Kd3 $16) 72... Bb4 73.
Nc5 Rh1 (73... Rf8 $142 $1) 74. Nb6 Rd1+ 75. Kc4 Rd8 (75... Re8 $5 76. Nd5 Rc1+
77. Kd3 Kg7 $11) 76. Nbd7 Bxc5 ({Òî÷íåå, âèäèìî,} 76... Rc1+ 77. Kb5 Bxc5 78.
Nxc5 Rb8+ 79. Ka6 Re8 {è ò.ä.}) 77. Nxc5 Rc1+ 78. Kb5 (78. Kd3 $5) 78... Rb8+
79. Ka6 ({Èëè òàêîé âîò âàðèàíò:} 79. Kc6 Rxb3 80. d5 a4 81. d6 a3 82. d7 Rd3
$1 83. e4 a2 84. Rd5 Rxd5 85. exd5 a1=Q 86. d8=Q+ Kf7 87. Qc7+ Kg8 $11) 79...
Rc3 80. Re5 (80. e4 $5) 80... Kf7 81. Rf5+ Ke7 82. Re5+ Kf7 83. Re4 Rc1 84.
Rf4+ Ke7 85. Rg4 Kf7 86. Rf4+ (86. e4 $5) 86... Ke7 87. Rg4 Kf7 88. Rg6 Rc3 89.
Rxh6 Rxe3 90. Rb6 ({Ïîñëåäíèé øàíñ çàêëþ÷àëñÿ â} 90. d5 $5 Rc8 91. Rc6 Rh8
92. h6 {è ò.ä.}) 90... Rd8 91. Rb7+ Re7 92. Rxe7+ Kxe7 93. Kxa5 Rxd4 {
Òàê 6 ôèãóð íà äîñêå, ñìîòðèì â òàáëèöû Íàëèìîâà - íè÷üÿ!} 1/2-1/2